Statistics for First Names of World Leaders

Click here to take the quiz!

General Stats

  • This quiz has been taken 105 times
  • The average score is 8 of 10

Answer Stats

First nameLast name% Correct
BarackObama
99%
RonaldReagan
99%
AngelaMerkel
94%
TheresaMay
90%
BenitoMussolini
85%
VladimirLenin
80%
OttoVon Bismarck
78%
AnwarSadat
68%
JohnMajor
67%
FranciscoFranco
63%

Score Distribution

Percentile by Number Answered

Percent of People with Each Score

Your Score History

You have not taken this quiz